000 00440nam a22001697a 4500
003 MPLRDC
005 20220104143744.0
008 210129b ||||| |||| 00| 0 eng d
082 _a859.6 YBGL v.5
100 _a苏尚耀 文
245 _a结绳八卦: 伏羲氏
_c文恺 图
260 _a
_b文化图书公司
_c1978
300 _b
490 _a一百个历史名人故事
650 _a人物故事
942 _cBK
_o859.6 YBGL v.5
999 _c43023
_d43013